|
|
|
|
| LEADER |
00774nab#a2200301#ar4500 |
| 001 |
000111621 |
| 003 |
SVKKK |
| 005 |
20131111110454.0 |
| 008 |
130826c2013 xr |||||||||||||||b|cze |
| FMT |
|
|
|
| 038 |
|
|
|a SVKKK
|
| 040 |
|
|
|a SVKKK
|b slo
|e AACR2
|
| 041 |
0 |
|
|a cze
|
| 044 |
|
|
|a xr
|c CZ
|
| 080 |
|
|
|a 621.9.044
|2 2008
|
| 110 |
2 |
|
|a HOUFEK
|4 aut
|
| 245 |
1 |
0 |
|a CNC stroje firmy HOUPEK, a.s.
|c HOUFEK
|
| 650 |
0 |
4 |
|a CNC stroje
|x obrábanie materiálov
|
| 650 |
0 |
4 |
|a TITAN H30 (CNC stroj)
|
| 650 |
0 |
4 |
|a TAURUS H15-T5 (CNC stroj)
|
| 650 |
0 |
4 |
|a SCORPION PROFORM (CNC stroj)
|
| 650 |
0 |
4 |
|a PROMAX H30 (CNC stroj)
|
| 773 |
0 |
|
|t Slévárenství
|g Roč. LXI, č. 5-6 (2013), s. 198-199
|x 0037-6825
|
| 974 |
|
|
|a MI
|
| 992 |
|
|
|a RBX
|
| BAS |
|
|
|
| 852 |
|
|
|a SVKKK
|b BIB
|
| 998 |
|
|
|a HUT
|